المياه والأراضي الزراعية : (Record no. 14934)
[ view plain ]
| 000 -الفاتح | |
|---|---|
| حقل البيانات ثابتة الطول | 00938nam a22001817a 4500 |
| 008 - عناصر البيانات ثابتة الطول - معلومات عامة | |
| حقل البيانات ثابتة الطول | 110120s2001 ua|||||r|||| 000 0 ara d |
| 082 ## - رقم تصنيف ديوى العشرى | |
| رقم التصنيف | 630.962 |
| رقم المادة | ع ل ا |
| 100 ## - المدخل الرئيسى - إسم شخصى | |
| 9 (RLIN) | 22115 |
| الإسم الشخصى | علام ، محمد نصر الدين |
| 245 ## - بيان العنوان | |
| العنوان | المياه والأراضي الزراعية : |
| بقية العنوان | /في مصر : الماضي والحاضر والمستقبل |
| بيان المسئوليه,etc | محمد نصر الدين علام بالاشتراك مع محمد ناصر عزت ...[وآخ[ |
| 260 ## - PUBLICATION, DISTRIBUTION, ETC. (IMPRINT) | |
| مكان الناشر او الموزع | القاهرة : |
| اسم الناشر او الموزع | المكتبة الأكاديمية ، 2001 |
| تاريخ النشر أو التوزيع | 2001 |
| 300 ## - الوصف المادى | |
| التعداد | 596 ص : |
| تفاصيل ماديه اخرى للوعاء | أيض ؛ |
| أبعاد الوعاء | 20 سم |
| 490 ## - بيان السلسلة | |
| -- | 21479 |
| عنوان السلسلة | مكتبة مصر 2020 |
| 541 ## - تبصرة المصدر المباشر للتزويد | |
| مصدر التزويد | د. باسم أحمد ؛ |
| طريقة التزويد | إهداء ؛ |
| 650 ## - المدخل الاضافى بالموضوع-مصطلح موضوعى | |
| 9 (RLIN) | 22117 |
| مصطلح موضوعي أو اسم جغرافي كعنصر مدخل | الزراعة |
| التقسيم الفرعي الجغرافي | مصر |
| 700 ## - المدخل الاضافى - اسم شخصى | |
| 9 (RLIN) | 22116 |
| الإسم الشخصى | عزت ، محمد ناصر |
| 942 ## - عناصر المدخل الإضافي( كوها) | |
| مصدر التصنيف او مخطط الترفيف | Dewey Decimal Classification |
| Koha [default] item type | Book - Borrowing |
| حالة التراجع | حالة الفقد | مصدر التصنيف او خطة الترفيف | حالة تلف | ليس للاعارة | مجموعات كوها | المكان الدائم | المكان الحالي | موقع الترفيف | تاريخ الاكتساب | Source of acquisition | رقم الاستدعاء | الباركود | Date last seen | مُعار | نوع الوعاء |
|---|---|---|---|---|---|---|---|---|---|---|---|---|---|---|---|
| Dewey Decimal Classification | Central Library | Central Library | First floor | 20/01/2011 | Donation | 630.962 ع ل ا | 000022769 | 15/07/2025 | 16/06/2013 | Book - Borrowing |